| 000 | 00535nam a2200181Ia 4500 | ||
|---|---|---|---|
| 003 | IN-BaIIA | ||
| 008 | 211028s9999 xx 000 0 eng d | ||
| 040 | _cIIA Library | ||
| 080 |
_a621.316.722 _bBEN |
||
| 100 |
_aBenson, F. A _92654 |
||
| 245 | 0 |
_aVoltage stabilized supplies _bbasic principles, characteristics and applications _cF. A. Benson |
|
| 260 |
_aLondon _bMacDonald _c1957 |
||
| 300 | _a370p. | ||
| 650 |
_a Current Regulators _98130 |
||
| 650 |
_a Voltage Regulators _98131 |
||
| 650 | _aNASA Thesaurus | ||
| 942 | _cBK | ||
| 999 |
_c4605 _d4605 |
||